| 000 | 00414nam a2200121Ia 4500 | ||
|---|---|---|---|
| 008 | 220620s9999||||xx |||||||||||||| ||und|| | ||
| 100 | _aAhmed Subhy Alsheikhly | ||
| 245 | 0 | _aEssentials of Accident and Emergency Medicine | |
| 546 | _aEnglish[eng] | ||
| 650 | _aMedicine||Emergency Medicine||Health Sciences | ||
| 856 | _uhttps://www.intechopen.com/books/essentials-of-accident-and-emergency-medicine | ||
| 942 | _cEB | ||
| 999 |
_c21859 _d21859 |
||